| 000 | 00978cam a22002775i 4500 | ||
|---|---|---|---|
| 001 | 18142542 | ||
| 003 | PILC | ||
| 005 | 20160322122304.0 | ||
| 008 | 140506s2014 ilu 000 0 spa | ||
| 010 | _a 2014940122 | ||
| 020 | _a0071840648 | ||
| 040 |
_aDLC _beng _cDLC _erda _dDLC |
||
| 042 | _apcc | ||
| 050 |
_aPC 4112 _b.Ar659 2015 |
||
| 100 | 1 | _aAragones, Luis. | |
| 245 | 1 | 0 |
_aMcgraw-Hill education beginning Spanish grammar : _ba practical guide to 100+ essential skills / _cLuis Aragones. |
| 260 |
_aNew York : _bMcGraw Hill, _c2015. |
||
| 263 | _a1408 | ||
| 300 |
_a256 pages : _billustrations ; _c28 cm. |
||
| 500 | _aIncludes index. | ||
| 856 | 4 | 2 |
_3Publisher description _uhttp://www.loc.gov/catdir/enhancements/fy1408/2014940122-d.html |
| 856 | 4 | 2 |
_3Contributor biographical information _uhttp://www.loc.gov/catdir/enhancements/fy1408/2014940122-b.html |
| 906 |
_a0 _bibc _corignew _d2 _eepcn _f20 _gy-gencatlg |
||
| 942 |
_2lcc _cBK |
||
| 999 |
_c292836 _d292836 |
||